000 00842nam a22002537a 4500
003 DO-SdBNP
005 20220215090307.0
007 ta
008 220210b2021 dr ||||| |||| 00| p spa d
020 _a9789945627770
040 _aDO-SdBNP
_bspa
_cBNPHU
082 4 _bG216e
_222
100 1 _aGarcía Terrero, Edmundo,
_d1956-
_981205
245 1 0 _aEl olor todavía /
_cEdmundo García Terrero ; preámbulo Rafael García Bido.
246 _aEl olor todavia /
_bHaiku
260 _aSanto Domingo :
_bSantuario,
_c2021.
300 _a60 p.
_c23 cm.
500 _aIncluye datos biográficos del autor en la solapa de la cubierta.
590 _aInventariado, 2022 /LP
590 _aLa biblioteca posee 1 ejemplar autografiado por el autor
700 1 _aGarcía Bidó, Rafael,
_918198
910 _a Lopérez.
942 _2ddc
_cLBS1
999 _c51400
_d51400